Piłkarze Reprezentacji Tanzanii - nagła śmierć - Statystyki

Ogólne statystyki
  • Ten quiz został rozwiązany 5 razy
  • Średni wynik to 2 z 8
Answers on the Grid
Answers color-coded by a green-red scale on the quiz's grid according to % correct below.
Gelson Dala
Tarryn Allarakhia
Michael Olunga
Mbwana Samatta
Myziane Maolida
Simon Msuva
Novatus Miroshi
Jude Ssemugabi
Charles M'Mombwa
Mrisho Ngassa
Mohamed Eisa
Mudathir Yahya
John Raphael Bocco
Dylan Bronn
 
Statystyki odpowiedzi
Odpowiedź % Poprawnych
Mbwana Samatta
50%
Mrisho Ngassa
50%
Mudathir Yahya
50%
Simon Msuva
50%
Novatus Miroshi
25%
Charles M'Mombwa
0%
John Raphael Bocco
0%
Tarryn Allarakhia
0%
Nie znaleziono quizów pasujących do podanych kryteriów
Rozkład punktacji
Procent ludzi z każdym wynikiem
Percentyl według liczby udzielonych odpowiedzi
Twoja historia wyników
Nie rozwiązałeś tego quizu